| 000 | 00575nam a2200217 a 4500 | ||
|---|---|---|---|
| 001 | BRCA_6551 | ||
| 005 | 20190320205511.0 | ||
| 008 | 290911s1909----gw-#######---#000-0#ger-# | ||
| 041 | _ager | ||
| 044 | _agw | ||
| 050 | 4 |
_aVK555 _b.M65 1909 |
|
| 100 | 1 |
_aMöller, Johannes Friedrich Karl _d1867- _916344 |
|
| 245 | 1 | 0 |
_aNautik _cvon Dr. Johannes Möller. |
| 260 |
_aLeipzig, Alemania _bB. G. Teubner _c1909 |
||
| 300 |
_a114 p. _bil. _c18 cm. |
||
| 500 | _aL97 | ||
| 650 | 1 | 4 |
_aNavegación _915772 |
| 650 | 1 | 4 |
_aAstronomía náutica _915771 |
| 902 | _aGFM | ||
| 942 |
_2lcc _cB |
||
| 999 |
_c6235 _d6235 |
||